[Event "SVK-chT2B 2223"]
[Site "Slovakia"]
[Date "2022.11.27"]
[Round "6.3"]
[White "Macko, Peter"]
[Black "Dolnik, Attila"]
[Result "0-1"]
[WhiteElo "2014"]
[BlackElo "2167"]
[PlyCount "70"]
[EventDate "2022.10.08"]
[EventType "team-tourn"]
[EventRounds "11"]
[EventCountry "SVK"]
[SourceTitle "EXT 2024"]
[Source "ChessBase"]
[SourceDate "2023.10.10"]
[SourceVersion "1"]
[SourceVersionDate "2023.10.10"]
[SourceQuality "1"]
[WhiteTeam "Surany"]
[BlackTeam "Batorove Kosihy"]
[WhiteTeamCountry "SVK"]
[BlackTeamCountry "SVK"]

1. e4 d6 2. Nc3 g6 3. f4 Bg7 4. Nf3 c5 5. Bc4 e6 6. f5 exf5 7. d3 Nf6 8. 0-0 0-0 9. Qe1 Be6 10. exf5 Bxf5 11. Qh4 d5 12. Bb3 d4 13. Ne2 Nd5 14. Bg5 Qd6 15. Ng3 Be6 16. Ne4 Qc6 17. Bxd5 Bxd5 18. Nf6+ Bxf6 19. Bxf6 Nd7 20. Ne5 Nxe5 21. Qh6 Qxf6 22. Rxf6 Ng4 23. Qg5 Nxf6 24. Qxf6 Rae8 25. Qd6 Bc6 26. Kf2 Re6 27. Qxc5 Rfe8 28. Qxd4 Re2+ 29. Kf1 Bxg2+ 30. Kg1 Bc6 31. b3 Rg2+ 32. Kf1 Rxh2 33. c4 h5 34. Qc3 Ree2 35. Rc1 Reg2 0-1

[Event "SVK-chT1W 2122"]
[Site "Slovakia"]
[Date "2022.03.20"]
[Round "6.2"]
[White "Bochnicka, Vladimir1111"]
[Black "Dolnik, Attila"]
[Result "0-1"]
[WhiteElo "2213"]
[BlackElo "2164"]
[PlyCount "68"]
[EventDate "2021.11.06"]
[EventType "team-tourn"]
[EventRounds "11"]
[EventCountry "SVK"]
[SourceTitle "EXT 2023"]
[Source "ChessBase"]
[SourceDate "2022.10.05"]
[SourceVersion "1"]
[SourceVersionDate "2022.10.05"]
[SourceQuality "1"]
[WhiteTeam "Bratislava KSN"]
[BlackTeam "Batorove Kosihy"]
[WhiteTeamCountry "SVK"]
[BlackTeamCountry "SVK"]

1. e4 d6 2. d4 Nf6 3. Nc3 g6 4. h3 Bg7 5. Nf3 0-0 6. Be3 c6 7. a4 Nbd7 8. Qd2 Re8 9. e5 Nd5 10. Nxd5 cxd5 11. Bb5 a6 12. Bxd7 Qxd7 13. 0-0 b5 14. exd6 exd6 15. axb5 Qxb5 16. b3 Bf5 17. Rfc1 Rec8 18. Ra5 Qb7 19. Ne1 Rc6 20. Nd3 Rac8 21. Nb4 Rc3 22. Nxd5 Rxc2 23. Rxc2 Bxc2 24. Bg5 Kh8 25. Bf6 Bxf6 26. Nxf6 Kg7 27. Ng4 f5 28. Ne3 Bxb3 29. d5 Kg8 30. Qd3 Qb4 31. Qxa6 Rc1+ 32. Nf1 Rxf1+ 33. Qxf1 Qxa5 34. Qe2 Qa1+ 0-1

[Event "SVK-chT1W 2122"]
[Site "Slovakia"]
[Date "2021.11.06"]
[Round "1.4"]
[White "Dolnik, Attila"]
[Black "Ruckschloss, Karol"]
[Result "1/2-1/2"]
[WhiteElo "2164"]
[BlackElo "2167"]
[PlyCount "37"]
[EventDate "2021.11.06"]
[EventType "team-tourn"]
[EventRounds "11"]
[EventCountry "SVK"]
[SourceTitle "EXT 2023"]
[Source "ChessBase"]
[SourceDate "2022.10.05"]
[SourceVersion "1"]
[SourceVersionDate "2022.10.05"]
[SourceQuality "1"]
[WhiteTeam "Batorove Kosihy"]
[BlackTeam "Bratislava Slovan III"]
[WhiteTeamCountry "SVK"]
[BlackTeamCountry "SVK"]

1. e4 d6 2. d4 Nf6 3. Bd3 e5 4. c3 Nc6 5. Nf3 Bg4 6. Be3 Qd7 7. Nbd2 exd4 8. cxd4 Be7 9. 0-0 0-0 10. Rc1 Rfc8 11. a3 Bh5 12. b4 Bg6 13. d5 Ne5 14. Nxe5 dxe5 15. Qb3 Ng4 16. Bb1 Nxe3 17. Qxe3 c6 18. Nc4 f6 19. Rfd1 1/2-1/2

[Event "SVK-chT2B 1819"]
[Site "Slovakia"]
[Date "2018.10.14"]
[Round "2.2"]
[White "Dolnik, Attila"]
[Black "Jakubek, Peter"]
[Result "1/2-1/2"]
[WhiteElo "2213"]
[BlackElo "2158"]
[PlyCount "31"]
[EventDate "2018.10.13"]
[EventType "team-tourn"]
[EventRounds "11"]
[EventCountry "SVK"]
[SourceTitle "CBM 187 Extra"]
[Source "ChessBase"]
[SourceDate "2018.11.04"]
[SourceVersion "1"]
[SourceVersionDate "2018.11.04"]
[SourceQuality "1"]
[WhiteTeam "Batorove Kosihy II"]
[BlackTeam "Povazska Bystrica"]
[WhiteTeamCountry "SVK"]
[BlackTeamCountry "SVK"]

1. e4 b6 2. d4 Bb7 3. Bd3 Nf6 4. Nd2 e6 5. Ngf3 d5 6. exd5 Nxd5 7. 0-0 Be7 8. c3 Nd7 9. Ne4 0-0 10. Re1 c5 11. a3 cxd4 12. Nxd4 N5f6 13. Ng3 Nc5 14. Bc2 Qc7 15. b4 Ncd7 16. c4 1/2-1/2

[Event "HUN-chT2 Charousek 1718"]
[Site "Hungary"]
[Date "2018.05.06"]
[Round "9.6"]
[White "Dolnik, Attila"]
[Black "Sipos, Janos"]
[Result "1-0"]
[WhiteElo "2201"]
[BlackElo "2279"]
[PlyCount "83"]
[EventDate "2017.10.29"]
[EventType "team-tourn"]
[EventRounds "9"]
[EventCountry "HUN"]
[SourceTitle "EXT 2020"]
[Source "ChessBase"]
[SourceDate "2019.10.17"]
[SourceVersion "1"]
[SourceVersionDate "2019.10.17"]
[SourceQuality "1"]
[WhiteTeam "Gyor Szechenyi"]
[BlackTeam "Aquaprofit Nagykanizsa II"]
[WhiteTeamCountry "HUN"]
[BlackTeamCountry "HUN"]

1. e4 c5 2. c3 d5 3. exd5 Qxd5 4. d4 Nc6 5. Nf3 Bg4 6. Be2 cxd4 7. cxd4 e6 8. Nc3 Bb4 9. 0-0 Bxc3 10. bxc3 Nge7 11. h3 Bh5 12. c4 Qa5 13. Bb2 0-0 14. Qb3 Rfd8 15. Rfd1 Rac8 16. Rac1 Rd7 17. Bc3 Qd8 18. Qb2 f6 19. g4 Bf7 20. Bd3 Ng6 21. h4 Nf4 22. Bf1 Ne5 23. Nxe5 fxe5 24. g5 h6 25. d5 Ng6 26. Bxe5 Nxh4 27. Rd3 Qxg5+ 28. Kh2 Bh5 29. f4 Qf5 30. Qf2 Ng6 31. Re3 exd5 32. Bd3 Qf7 33. Bxg7 Kxg7 34. f5 Ne7 35. Rg1+ Kf8 36. Qf4 Rc6 37. Qb8+ Qe8 38. Qe5 Ng8 39. Qg3 Qf7 40. Qb8+ Qe8 41. Rxe8+ Bxe8 42. Rxg8+ 1-0

[Event "HUN-chT2 Charousek 1718"]
[Site "Hungary"]
[Date "2017.10.29"]
[Round "1.5"]
[White "Karsa, Laszlo"]
[Black "Dolnik, Attila"]
[Result "1-0"]
[WhiteElo "2333"]
[BlackElo "2195"]
[PlyCount "72"]
[EventDate "2017.10.29"]
[EventType "team-tourn"]
[EventRounds "9"]
[EventCountry "HUN"]
[SourceTitle "EXT 2020"]
[Source "ChessBase"]
[SourceDate "2019.10.17"]
[SourceVersion "1"]
[SourceVersionDate "2019.10.17"]
[SourceQuality "1"]
[WhiteTeam "Komlo Banyasz"]
[BlackTeam "Gyor Szechenyi"]
[WhiteTeamCountry "HUN"]
[BlackTeamCountry "HUN"]

1. d4 Nf6 2. c4 e6 3. Nc3 Bb4 4. e3 c5 5. Bd3 d6 6. Nge2 0-0 7. 0-0 e5 8. d5 Nbd7 9. Qc2 Re8 10. Ng3 Nf8 11. Bd2 Rb8 12. f3 a6 13. Rae1 Bd7 14. h3 b5 15. b3 Qc7 16. f4 bxc4 17. bxc4 Ba3 18. fxe5 Rxe5 19. Rb1 Rxb1 20. Rxb1 Qc8 21. Kh2 Bb4 22. a3 Ba5 23. e4 Ng6 24. Nf5 Nxe4 25. Nh6+ gxh6 26. Nxe4 Bxd2 27. Qxd2 Bf5 28. Nf6+ Kf8 29. Bxf5 Qxf5 30. Rb8+ Ke7 31. Ng8+ Kd7 32. Nxh6 Qf1 33. Rb7+ Kc8 34. Rxf7 Qxc4 35. Nf5 Qa4 36. Nxd6+ Kd8 1-0

[Event "HUN-chT2 Szechenyi 1415"]
[Site "Hungary"]
[Date "2015.04.26"]
[Round "11.7"]
[White "Schleinig, Pal"]
[Black "Dolnik, Attila"]
[Result "1/2-1/2"]
[WhiteElo "1929"]
[BlackElo "2170"]
[PlyCount "72"]
[EventDate "2014.09.07"]
[EventType "team-tourn"]
[EventRounds "11"]
[EventCountry "HUN"]
[SourceTitle "EXT 2016"]
[Source "ChessBase"]
[SourceDate "2015.10.08"]
[SourceVersion "1"]
[SourceVersionDate "2015.10.08"]
[SourceQuality "1"]
[WhiteTeam "Keszthely"]
[BlackTeam "Kisber Aszar"]
[WhiteTeamCountry "HUN"]
[BlackTeamCountry "HUN"]

1. e4 g6 2. d4 Bg7 3. Nf3 d6 4. h3 Nd7 5. c3 c5 6. d5 Ngf6 7. Qc2 0-0 8. Be2 a6 9. a4 Ne5 10. Nxe5 dxe5 11. 0-0 Ne8 12. Be3 Qc7 13. c4 Nd6 14. Nc3 f5 15. f3 f4 16. Bf2 g5 17. Rab1 a5 18. Nb5 Nxb5 19. cxb5 b6 20. Rbd1 Rf6 21. Qc4 Qd6 22. Kh2 h5 23. Rg1 g4 24. Bh4 Rf7 25. Rdf1 gxh3 26. g3 Kh8 27. Bg5 Bd7 28. Qc1 Raf8 29. Qe1 Qg6 30. Bh4 Qh7 31. Bg5 Rg8 32. Qd2 Rgf8 33. Qe1 Bf6 34. gxf4 Bg7 35. f5 Bh6 36. Bxh6 Qxh6 1/2-1/2

[Event "HUN-chT2 Szechenyi 1415"]
[Site "Hungary"]
[Date "2014.12.14"]
[Round "6.7"]
[White "Dolnik, Attila"]
[Black "Katona, Janos"]
[Result "1-0"]
[WhiteElo "2170"]
[BlackElo "1951"]
[PlyCount "59"]
[EventDate "2014.09.07"]
[EventType "team-tourn"]
[EventRounds "11"]
[EventCountry "HUN"]
[SourceTitle "EXT 2016"]
[Source "ChessBase"]
[SourceDate "2015.10.08"]
[SourceVersion "1"]
[SourceVersionDate "2015.10.08"]
[SourceQuality "1"]
[WhiteTeam "Kisber Aszar"]
[BlackTeam "Sarvar"]
[WhiteTeamCountry "HUN"]
[BlackTeamCountry "HUN"]

1. d4 d5 2. Nf3 Nf6 3. g3 Bf5 4. Bg2 h6 5. 0-0 e6 6. c4 Nbd7 7. Nc3 c6 8. Re1 Bd6 9. b3 0-0 10. Bb2 Re8 11. Rc1 Qe7 12. c5 Bc7 13. Nd2 e5 14. e4 exd4 15. Nxd5 cxd5 16. exf5 Qxe1+ 17. Qxe1 Rxe1+ 18. Rxe1 Ba5 19. Rd1 Bc3 20. Ba3 Re8 21. Bf1 a6 22. Nf3 Ne5 23. Nxe5 Rxe5 24. c6 bxc6 25. Bxa6 Rxf5 26. Bc5 Ng4 27. f4 Ne3 28. Rd3 g5 29. Bc8 Rf6 30. Be7 1-0

[Event "SVK-chT2B 1415"]
[Site "Slovakia"]
[Date "2014.12.07"]
[Round "6.3"]
[White "Chlpik, Martin"]
[Black "Dolnik, Attila"]
[Result "1-0"]
[WhiteElo "2072"]
[BlackElo "2170"]
[PlyCount "117"]
[EventDate "2014.10.11"]
[EventType "team-tourn"]
[EventRounds "11"]
[EventCountry "SVK"]
[SourceTitle "EXT 2019"]
[Source "ChessBase"]
[SourceDate "2018.10.10"]
[SourceVersion "1"]
[SourceVersionDate "2018.10.10"]
[SourceQuality "1"]
[WhiteTeam "Levice"]
[BlackTeam "Batorove Kosihy"]
[WhiteTeamCountry "SVK"]
[BlackTeamCountry "SVK"]

1. d4 Nf6 2. Nf3 e6 3. Bf4 b6 4. e3 Bb7 5. h3 Be7 6. Be2 0-0 7. 0-0 d6 8. Nbd2 Nbd7 9. a4 a5 10. c3 Ne4 11. Qc2 Ndf6 12. Bd3 Nxd2 13. Nxd2 d5 14. f3 c5 15. g4 Ba6 16. Bxa6 Rxa6 17. Rf2 Bd6 18. Bxd6 Qxd6 19. f4 Rb8 20. Raf1 b5 21. axb5 Rxb5 22. g5 Nh5 23. c4 Rb8 24. Rf3 g6 25. Nb3 dxc4 26. Nxc5 Rab6 27. Qxc4 Rxb2 28. Nd3 R2b6 29. Ne5 Ng7 30. Qa4 Rb5 31. e4 Rb4 32. Qd7 Qf8 33. Ng4 R4b7 34. Qc6 Qd8 35. Nh6+ Kh8 36. Rd1 Qd7 37. Rc3 Nh5 38. Qc5 Rb5 39. Qc7 Qxc7 40. Rxc7 R5b7 41. Nxf7+ Kg7 42. Nd8+ Rxc7 43. Nxe6+ Kg8 44. Nxc7 Nxf4 45. h4 Rb2 46. Rf1 Nh3+ 47. Kh1 Nf2+ 48. Kg2 Nxe4+ 49. Kh3 a4 50. Ne6 Nf2+ 51. Kg3 a3 52. d5 Ne4+ 53. Kh3 Rf2 54. Rc1 a2 55. Rc8+ Kf7 56. Ra8 Nc3 57. Ra7+ Ke8 58. d6 Rd2 59. Re7# 1-0

[Event "HUN-chT2 Szechenyi 1415"]
[Site "Hungary"]
[Date "2014.11.16"]
[Round "4.6"]
[White "Kaszas, Sandor"]
[Black "Dolnik, Attila"]
[Result "0-1"]
[WhiteElo "2100"]
[BlackElo "2170"]
[PlyCount "96"]
[EventDate "2014.09.07"]
[EventType "team-tourn"]
[EventRounds "11"]
[EventCountry "HUN"]
[SourceTitle "EXT 2016"]
[Source "ChessBase"]
[SourceDate "2015.10.08"]
[SourceVersion "1"]
[SourceVersionDate "2015.10.08"]
[SourceQuality "1"]
[WhiteTeam "Zala Volan"]
[BlackTeam "Kisber Aszar"]
[WhiteTeamCountry "HUN"]
[BlackTeamCountry "HUN"]

1. e4 c5 2. g3 Nc6 3. Bg2 g6 4. Nc3 Bg7 5. f4 d6 6. d3 Nd4 7. Be3 e6 8. Nf3 Ne7 9. Qd2 Rb8 10. Rb1 Nec6 11. Ne2 Nxe2 12. Qxe2 Qa5+ 13. c3 0-0 14. 0-0 Ne7 15. d4 b6 16. b4 cxb4 17. cxb4 Qh5 18. h3 f5 19. e5 dxe5 20. dxe5 Nd5 21. Bd2 g5 22. g4 Qg6 23. Nxg5 Bb7 24. h4 Rfc8 25. h5 Qe8 26. Rbc1 h6 27. Nh3 Qa4 28. gxf5 exf5 29. Qd3 Qxa2 30. Ra1 Nxb4 31. Qd6 Qb3 32. Qxb4 Qg3 33. Rf2 Bf8 34. Qb1 Bc5 35. Qf1 Rc7 36. Rxa7 Rg7 37. Rxb7 Rbxb7 38. Kh1 Bxf2 39. Qxf2 Ra7 40. Qxg3 Rxg3 41. Bd5+ Kh7 42. Nf2 Rd7 43. Be6 Rxd2 44. Bxf5+ Kg7 45. Ne4 Rd1+ 46. Kh2 Re3 47. Bg6 Rd4 48. Nd6 Rd2+ 0-1

[Event "SVK-chT2B 1415"]
[Site "Slovakia"]
[Date "2014.10.12"]
[Round "2.6"]
[White "Laho, Maros"]
[Black "Dolnik, Attila"]
[Result "1/2-1/2"]
[WhiteElo "1980"]
[BlackElo "2170"]
[PlyCount "48"]
[EventDate "2014.10.11"]
[EventType "team-tourn"]
[EventRounds "11"]
[EventCountry "SVK"]
[SourceTitle "EXT 2019"]
[Source "ChessBase"]
[SourceDate "2018.10.10"]
[SourceVersion "1"]
[SourceVersionDate "2018.10.10"]
[SourceQuality "1"]
[WhiteTeam "Surany Lokomotiva"]
[BlackTeam "Batorove Kosihy"]
[WhiteTeamCountry "SVK"]
[BlackTeamCountry "SVK"]

1. d4 Nf6 2. Nf3 e6 3. e3 b6 4. Bd3 Bb7 5. Nbd2 c5 6. 0-0 Be7 7. b3 0-0 8. Bb2 Nc6 9. a3 Qc7 10. Qe2 d5 11. Ne5 Nxe5 12. dxe5 Nd7 13. f4 f5 14. exf6 Nxf6 15. e4 g6 16. exd5 exd5 17. Rae1 Rae8 18. Bb5 d4 19. Qe6+ Kg7 20. Bxe8 Rxe8 21. Nc4 Bd5 22. Qh3 Ne4 23. Ne5 Bd6 24. Qd3 Qb7 1/2-1/2

[Event "SVK-chT2B 1314"]
[Site "Slovakia"]
[Date "2014.02.23"]
[Round "9.2"]
[White "Mikus, Teodor"]
[Black "Dolnik, Attila"]
[Result "1/2-1/2"]
[WhiteElo "1917"]
[BlackElo "2173"]
[PlyCount "82"]
[EventDate "2013.10.19"]
[EventType "team-tourn"]
[EventRounds "11"]
[EventCountry "SVK"]
[SourceTitle "EXT 2015"]
[Source "ChessBase"]
[SourceDate "2014.11.20"]
[SourceVersion "1"]
[SourceVersionDate "2014.11.20"]
[SourceQuality "1"]
[WhiteTeam "Prievidza II"]
[BlackTeam "Batorove Kosihy"]
[WhiteTeamCountry "SVK"]
[BlackTeamCountry "SVK"]

1. e4 g6 2. d4 Bg7 3. c4 c5 4. d5 d6 5. Nf3 b5 6. cxb5 a6 7. Nc3 Nf6 8. e5 dxe5 9. Nxe5 0-0 10. Nc6 Qd6 11. Be2 Nxc6 12. dxc6 Qc7 13. 0-0 axb5 14. Nxb5 Qxc6 15. Bf3 Ne4 16. Nc3 Bf5 17. g4 Rfd8 18. Qe1 Bxc3 19. bxc3 Rd3 20. Be2 Rh3 21. gxf5 gxf5 22. Bf4 Kh8 23. f3 Nf6 24. Be5 Qe6 25. Bd1 Rg8+ 26. Kh1 Rg6 27. Rg1 Kg8 28. Bxf6 Qxf6 29. Rxg6+ hxg6 30. Rb1 e5 31. Qd2 e4 32. Rb8+ Kg7 33. Qg2 Rh4 34. Qb2 c4 35. Qb4 Qe5 36. Qf8+ Kf6 37. Qd8+ Kg7 38. Qf8+ Kf6 39. Qd8+ Kg7 40. Qg8+ Kf6 41. Qd8+ Kg7 1/2-1/2

[Event "HUN-chT2 Breyer 1314"]
[Site "Hungary"]
[Date "2013.11.03"]
[Round "4"]
[White "Loczy, Miklos"]
[Black "Dolnik, Attila"]
[Result "0-1"]
[WhiteElo "1804"]
[BlackElo "2169"]
[PlyCount "46"]
[EventDate "2013.09.08"]
[EventType "team-tourn"]
[EventRounds "9"]
[EventCountry "HUN"]
[SourceTitle "EXT 2016"]
[Source "ChessBase"]
[SourceDate "2015.10.08"]
[SourceVersion "1"]
[SourceVersionDate "2015.10.08"]
[SourceQuality "1"]
[WhiteTeam "Gyor Szechenyi"]
[BlackTeam "Kisber Aszar"]
[WhiteTeamCountry "HUN"]
[BlackTeamCountry "HUN"]

1. e4 e5 2. Nf3 d6 3. d4 Nd7 4. dxe5 dxe5 5. Bc4 Bd6 6. Nc3 Ngf6 7. Be3 0-0 8. h3 a6 9. a3 b5 10. Be2 Bb7 11. Nd2 Nc5 12. f3 Nh5 13. Nf1 Nf4 14. g3 Ng2+ 15. Kf2 Nxe3 16. Nxe3 Qg5 17. h4 Qg6 18. Qd2 Ne6 19. h5 Qg5 20. Nc4 Bc5+ 21. Ne3 Rad8 22. Bd3 f5 23. exf5 Rxf5 0-1

[Event "SVK-chT2B 1314"]
[Site "Slovakia"]
[Date "2013.10.19"]
[Round "1.4"]
[White "Pereszlenyi, Gejza"]
[Black "Dolnik, Attila"]
[Result "0-1"]
[WhiteElo "2000"]
[BlackElo "2173"]
[PlyCount "110"]
[EventDate "2013.10.19"]
[EventType "team-tourn"]
[EventRounds "11"]
[EventCountry "SVK"]
[SourceTitle "EXT 2015"]
[Source "ChessBase"]
[SourceDate "2014.11.20"]
[SourceVersion "1"]
[SourceVersionDate "2014.11.20"]
[SourceQuality "1"]
[WhiteTeam "Nitra NSK II"]
[BlackTeam "Batorove Kosihy"]
[WhiteTeamCountry "SVK"]
[BlackTeamCountry "SVK"]

1. d4 Nf6 2. Nf3 d5 3. Bf4 e6 4. e3 Bd6 5. Bg3 Ne4 6. Bd3 f5 7. Nbd2 0-0 8. Ne5 Nd7 9. Nxd7 Bxd7 10. Bxd6 cxd6 11. 0-0 Rc8 12. c3 Bc6 13. f3 Nf6 14. Qe2 Rc7 15. Rae1 Nh5 16. f4 Nf6 17. h3 Ne4 18. Nxe4 dxe4 19. Bc4 Qe8 20. Rf2 Kh8 21. Rd1 d5 22. Bb3 Bb5 23. Qe1 Qh5 24. Rdd2 g5 25. fxg5 Qxg5 26. Rf4 Rg7 27. Kh2 Rfg8 28. g4 fxg4 29. Rxg4 Qe7 30. Rdg2 Rxg4 31. Rxg4 Rxg4 32. hxg4 Qg5 33. Qg3 Be2 34. Kh3 Bf1+ 35. Kh2 Be2 36. Kh3 Bf3 37. Qe5+ Qxe5 38. dxe5 Kg7 39. Kg3 b5 40. a4 a6 41. axb5 axb5 42. Kf4 Kg6 43. Ba2 Bd1 44. g5 Kh5 45. b3 Bc2 46. c4 dxc4 47. bxc4 b4 48. c5 b3 49. c6 bxa2 50. c7 a1Q 51. c8Q Qf1+ 52. Kg3 Qf3+ 53. Kh2 Qf2+ 54. Kh1 Bd1 55. Qe8+ Kh4 0-1

[Event "SVK-chT1W 1213"]
[Site "Slovakia"]
[Date "2013.02.23"]
[Round "8.3"]
[White "Dolnik, Attila"]
[Black "Petran, Peter"]
[Result "0-1"]
[WhiteElo "2156"]
[BlackElo "2277"]
[PlyCount "72"]
[EventDate "2012.10.20"]
[EventType "team-tourn"]
[EventRounds "11"]
[EventCountry "SVK"]
[SourceTitle "EXT 2015"]
[Source "ChessBase"]
[SourceDate "2014.11.20"]
[SourceVersion "1"]
[SourceVersionDate "2014.11.20"]
[SourceQuality "1"]
[WhiteTeam "Batorove Kosihy"]
[BlackTeam "Bratislava Slovan II"]
[WhiteTeamCountry "SVK"]
[BlackTeamCountry "SVK"]

1. e4 g6 2. d4 Bg7 3. c3 d6 4. Nf3 Nf6 5. Bd3 0-0 6. 0-0 Nbd7 7. Re1 e5 8. Nbd2 b6 9. b4 c6 10. Bb2 Qc7 11. dxe5 dxe5 12. c4 Re8 13. a4 a5 14. bxa5 Rxa5 15. Nb3 Ra7 16. Qc2 Bf8 17. Bc1 Nc5 18. Nxc5 Bxc5 19. Ba3 Nd7 20. Bf1 Bxa3 21. Rxa3 Nc5 22. Rd1 Bg4 23. h3 Bxf3 24. Rxf3 Rxa4 25. Rf6 Ra7 26. Rfd6 Ne6 27. c5 Nxc5 28. Bc4 Kg7 29. h4 h5 30. f3 Raa8 31. Qd2 b5 32. Qe3 Ne6 33. Rd7 Qa5 34. Rxf7+ Kxf7 35. Qh6 Qa7+ 36. Kh2 bxc4 0-1

[Event "SVK-chT2B 1112"]
[Site "Slovakia"]
[Date "2011.11.06"]
[Round "4.6"]
[White "Kocmal, Jaroslav"]
[Black "Dolnik, Attila"]
[Result "0-1"]
[WhiteElo "1985"]
[BlackElo "2173"]
[PlyCount "74"]
[EventDate "2011.10.08"]
[EventType "team-tourn"]
[EventRounds "11"]
[EventCountry "SVK"]
[SourceTitle "EXT 2013"]
[Source "ChessBase"]
[SourceDate "2012.11.22"]
[SourceVersion "1"]
[SourceVersionDate "2012.11.22"]
[SourceQuality "1"]
[WhiteTeam "Surany Lokomotiva"]
[BlackTeam "Batorove Kosihy"]
[WhiteTeamCountry "SVK"]
[BlackTeamCountry "SVK"]

1. d4 Nf6 2. c4 e6 3. Nc3 d5 4. Bg5 c6 5. e3 h6 6. Bxf6 Qxf6 7. Nf3 Nd7 8. Bd3 Bb4 9. Qb3 Bxc3+ 10. Qxc3 0-0 11. 0-0 b6 12. Ne5 Nxe5 13. dxe5 Qe7 14. f4 Bb7 15. b4 c5 16. b5 Rfd8 17. Rae1 d4 18. Qc2 dxe3 19. Rxe3 Rd4 20. f5 exf5 21. Bxf5 Rad8 22. e6 fxe6 23. Bxe6+ Kh8 24. Qg6 Rd1 25. Rh3 Rxf1+ 26. Kxf1 Rf8+ 27. Bf5 Bxg2+ 28. Kxg2 Qe2+ 29. Kg1 Qe1+ 30. Kg2 Qe2+ 31. Kg3 Qe3+ 32. Kg4 Qe2+ 33. Rf3 Qg2+ 34. Rg3 Qe2+ 35. Kh3 Qf1+ 36. Kh4 Qf4+ 37. Rg4 Qxh2# 0-1

[Event "SVK-chT2B 1112"]
[Site "Slovakia"]
[Date "2011.10.08"]
[Round "1.1"]
[White "Detko, Jan"]
[Black "Dolnik, Attila"]
[Result "0-1"]
[WhiteElo "2130"]
[BlackElo "2173"]
[PlyCount "86"]
[EventDate "2011.10.08"]
[EventType "team-tourn"]
[EventRounds "11"]
[EventCountry "SVK"]
[SourceTitle "EXT 2013"]
[Source "ChessBase"]
[SourceDate "2012.11.22"]
[SourceVersion "1"]
[SourceVersionDate "2012.11.22"]
[SourceQuality "1"]
[WhiteTeam "Prievidza SK III"]
[BlackTeam "Batorove Kosihy"]
[WhiteTeamCountry "SVK"]
[BlackTeamCountry "SVK"]

1. d4 e6 2. e4 d6 3. Nc3 Nf6 4. Bg5 Be7 5. Qd2 0-0 6. Nf3 Nbd7 7. e5 Ne8 8. h4 b6 9. Bd3 Bb7 10. 0-0-0 Kh8 11. Qe3 d5 12. Bxe7 Qxe7 13. Ng5 h6 14. Nh7 Rg8 15. Ne2 c5 16. c3 a5 17. Ng3 Ba6 18. Bc2 b5 19. Nh5 b4 20. Ng5 Rc8 21. Kb1 bxc3 22. Qxc3 Be2 23. Nf4 Bxd1 24. Rxd1 g6 25. Nf3 Nc7 26. Qe3 Rg7 27. g4 Nb5 28. h5 g5 29. Ne2 c4 30. Ba4 Rb8 31. Bxb5 Rxb5 32. Nc3 Rb7 33. Ne1 Nb8 34. Nc2 Nc6 35. Na4 Nb4 36. Nc5 Nxc2 37. Kxc2 Rb5 38. Rf1 Rg8 39. f4 Rgb8 40. b3 cxb3+ 41. axb3 a4 42. bxa4 Rb2+ 43. Kc3 Qc7 0-1